Úloha a postavenie ASEAN vo svetovom hospodárstve bakalárska práca

Saved in:
Bibliographic Details
Main Author: Bella, Peter
Corporate Author: Obchodná fakulta EU. Katedra medzinárodného obchodu
Other Authors: Zábojník, Stanislav, 1984-
Format: Book
Language:Slovak
Published: Bratislava 2009
Tags: Add Tag
No Tags, Be the first to tag this record!

MARC

LEADER 00000nam$a2200000$$$4500
001 0103144
005 20240318133913.6
041 0 |a slo 
044 |a SK 
245 1 0 |a Úloha a postavenie ASEAN vo svetovom hospodárstve  |b bakalárska práca  |c Peter Bella ; škol. Stanislav Zábojník 
264 1 |a Bratislava  |c 2009 
300 |a 70 s. 
100 1 |a Bella, Peter 
700 1 |a Zábojník, Stanislav, 1984- 
710 2 |a Obchodná fakulta EU. Katedra medzinárodného obchodu